000 00557nam a2200193Ia 4500
003 GCL
008 140319s9999 xx 000 0 ara d
040 _aGCL /
_cGCL
082 0 4 _a933
_bف ف
100 1 _aفؤاد حسنين على
245 1 0 _aفلسطين العربية /
_cفؤاد حسنين على
260 _a[S.N] :
_bقسم البحوث والدراسات الفلسطينية ،
_c1973
300 _a169 ص
490 _a
650 0 4 _aتاريخ
650 0 4 _aفلسطين
650 0 4 _aفلسطين القديمة
942 _2ddc
_cBK
999 _c28992
_d28992